Les coéquipiers de Sergio Ramos avec la Roja - Statistiques

Statistiques générales
  • Ce quiz a été pris 100 fois
  • Le résultat moyen est 44 sur 140
Statistiques - réponses
Première sélection Joueur Nombre de matchs Poste % Correct
27 mai 2006 Andrés Iniesta 111 M
94%
03 juin 2000 Iker Casillas 104 G
94%
15 novembre 2000 Xavi 95 M
94%
09 février 2005 David Villa 82 A
88%
06 septembre 2003 Fernando Torres 78 A
87%
3 sept. 2020 Ferran Torres 8 A
87%
26 mai 2012 Juanfran Torres 19 D
87%
15 nov. 2019 Pau Torres 6 D
87%
11 février 2009 Gerard Piqué 78 D
86%
01 avril 2009 Sergio Busquets 102 M
82%
15 novembre 2000 Carles Puyol 54 D
81%
30 mars 2003 Xabi Alonso 82 M
79%
3 juin 2010 Víctor Valdés 17 G
74%
15 novembre 2006 David Silva 101 M
73%
27 mars 2018 Marcos Alonso 3 D
73%
11 octobre 2011 Jordi Alba 60 D
72%
29 mai 2010 Pedro 50 A
72%
4 sept. 2014 Daniel Carvajal 21 D
71%
7 juin 2014 David de Gea 40 G
71%
01 mars 2006 Cesc Fàbregas 90 M
68%
15 novembre 2014 Álvaro Morata 29 A
60%
10 sept. 2013 Nacho Fernández 12 D
58%
6 février 2013 Isco 29 M
54%
14 août 2013 Koke 38 M
53%
26 mars 2008 Álvaro Arbeloa 42 D
52%
5 mars 2014 Diego Costa 20 A
52%
12 août 2009 Nacho Monreal 16 D
52%
6 févr. 2013 César Azpilicueta 16 D
51%
14 août 2013 Iñigo Martínez 7 D
51%
14 novembre 2009 Jesús Navas 42 D
51%
9 oct. 1996 Raúl 13 A
51%
29 mai 2010 Javi Martínez 14 M
49%
7 juin 2016 Lucas Vázquez 8 A/D
49%
23 mars 2018 Rodri 17 M
49%
29 mai 2016 Marco Asensio 18 A
48%
29 mai 2016 Diego Llorente 3 D
47%
19 nov. 2008 Fernando Llorente 16 A
47%
11 nov. 2020 Marcos Llorente 3 M
47%
13 octobre 2007 Raúl Albiol 43 D
47%
11 nov. 2020 Unai Simón 5 G
47%
10 août 2011 Thiago Alcántara 30 M
45%
23 mars 2019 Jaime Mata 1 A
41%
28 mars 2009 Juan Mata 31 M
41%
26 mars 2005 Luis García 15 A
40%
2 juin 2007 Luis García 6 M
40%
17 août 2005 Pepe Reina 27 G
40%
4 sept. 2014 Raúl García 2 A
40%
31 mai 2008 Sergio García 1 A
40%
6 sept. 2020 Eric García 2 D
39%
30 mai 2012 Javi García 1 M
39%
16 octobre 2002 Joan Capdevila 46 D
39%
18 nov. 2018 Pau López 1 G
39%
26 mai 2012 Adrián López 2 A
38%
15 nov. 2006 Ángel López 1 D
38%
30 mars 2005 Antonio López 12 D
38%
15 nov. 2016 Iago Aspas 13 A
38%
11 nov. 2017 Kepa Arrizabalaga 9 G
38%
29 mai 2016 Mikel Oyarzabal 8 A
35%
15 oct. 2013 Alberto Moreno 3 D
34%
31 mai 2008 Santi Cazorla 65 M
34%
15 oct. 2019 Gerard Moreno 7 A
33%
3 sept. 2020 Ansu Fati 4 A
31%
1 mars 2006 Marcos Senna 27 M
31%
20 juin 2009 Pablo Hernández 3 A
31%
1 sept. 2016 Saúl Ñíguez 16 M
31%
15 nov. 2019 Dani Olmo 8 M
28%
8 oct. 2010 Aritz Aduriz 8 A
27%
10 oct. 2009 Álvaro Negredo 19 A
26%
27 mars 2016 Sergi Roberto 9 D/M
26%
7 juin 2019 Fabián Ruiz 8 M
25%
25 mars 1998 Fernando Morientes 6 A
25%
13 févr. 2002 Joaquín 19 A
24%
12 oct. 2014 Juan Bernat 9 D
24%
4 sept. 2014 Mikel San José 4 M
24%
2 juin 2007 Roberto Soldado 11 A
22%
7 juin 2017 Asier Illarramendi 2 M
21%
21 août 2002 Carlos Marchena 37 D
21%
29 mai 2016 Héctor Bellerín 2 D
21%
3 sept. 2020 Óscar Rodríguez 1 M
21%
5 sept. 2019 Pablo Sarabia 3 A
21%
12 oct. 2014 Rodrigo 19 A
21%
3 sept. 2020 Mikel Merino 6 M
20%
11 sept. 2018 Dani Ceballos 8 M
19%
15 nov. 2014 José Callejón 2 A
19%
11 sept. 2018 José Gayà 11 D
19%
6 oct. 2017 Álvaro Odriozola 3 D
16%
15 nov. 2016 Ander Herrera 1 M
16%
29 févr. 2012 Iker Muniain 1 M
16%
16 nov. 2013 Marc Bartra 4 D
16%
4 juin 2011 Borja Valero 1 M
15%
5 sept. 1998 Míchel Salgado 4 D
15%
21 nov. 2007 Dani Güiza 17 A
14%
27 mars 2018 Dani Parejo 4 M
14%
6 févr. 2013 Mario Suárez 2 M
14%
18 nov. 2014 Nolito 9 A
14%
7 oct. 2020 Adama Traoré 5 A
13%
10 sept. 2008 Bojan Krkic 1 A
13%
17 nov. 1993 Santiago Cañizares 1 G
13%
18 nov. 2018 Mario Hermoso 4 D
12%
7 oct. 2000 Rubén Baraja 2 M
12%
5 sept. 2001 David Albelda 22 M
11%
4 sept. 2014 Paco Alcácer 11 A
11%
14 nov. 2017 Suso 4 A
11%
9 févr. 2005 Iván de la Peña 4 M
9%
6 sept. 2003 José Antonio Reyes 8 A
9%
7 oct. 2006 Antonio Puerta 1 D
8%
30 mai 2014 Gerard Deulofeu 1 A
8%
6 sept. 2020 Sergio Reguilón 4 D
8%
26 mai 2012 Beñat Etxebarria 4 M
7%
4 juin 2008 Fernando Navarro 1 D
7%
15 nov. 2006 Javi Navarro 3 D
7%
24 mars 2001 Sergio 1 M
7%
23 mars 2019 Sergio Canales 8 M
7%
28 mars 2001 Vicente 5 A
7%
12 juin 2002 Albert Luque 4 A
6%
13 oct. 2007 Albert Riera 11 M
6%
20 août 2008 Diego Capel 2 A
6%
11 oct. 2013 Michu 1 A
6%
17 nov. 2004 Pablo Ibáñez 21 D
6%
31 mai 2008 Rubén de la Red 2 M
6%
30 mai 2014 Ander Iturraspe 1 M
5%
3 sept. 2004 Asier del Horno 3 D
5%
14 août 2013 Cristian Tello 1 A
5%
18 nov. 2014 Ignacio Camacho 1 M
5%
18 nov. 1998 Juan Carlos Valerón 1 M
5%
7 juin 2006 Mariano Pernía 10 D
5%
20 août 2008 Andoni Iraola 3 D
4%
21 août 2002 Juanito 13 D
4%
17 nov. 2004 Miguel Ángel Angulo 8 A
4%
16 août 2000 Raúl Tamudo 5 A
4%
31 mars 2015 Vitolo 8 A
4%
9 oct. 2017 Jonathan Viera 1 M
2%
11 oct. 2018 Jonny Otto 1 D
2%
14 nov. 2012 Markel Susaeta 1 A
2%
11 juin 2015 Aleix Vidal 1 A
1%
2 sept. 2006 Borja Oubiña 2 M
1%
11 août 2010 Bruno Soriano 7 M
1%
7 oct. 2020 José Campaña 1 M
1%
26 mars 2005 Mista 2 A
1%
21 août 2002 Pablo Orbaiz 2 M
1%
Aucun quiz correspondant
Distribution des résultats
% des personnes avec chaque résultat
Percentile par nombre de réponses
Votre historique - résultats
Vous n’avez pas pris ce quiz